000 04417cam a2200613 i 4500
001 23194081
005 20250428113752.0
008 230621t20222022nju b 001 0 eng d
010 _a 2023394119
016 7 _a020744268
_2Uk
020 _a9780691229751
020 _a0691229759
035 _a(OCoLC)on1306201771
037 _cTB
040 _aCRL
_beng
_erda
_cCRL
_dCRL
041 _2eng
_aeng
042 _alccopycat
043 _an-us---
050 0 0 _aHV9276.5
_b.S54 2022
084 _aY:4:62 R2
_qCRL
100 1 _aShelby, Tommie,
_d1967-
_eauthor.
_4aut
_9753097
245 1 4 _aThe idea of prison abolition
260 _aPrinceton, USA:
_bPrinceton University Press,
_c2022.
264 1 _c[2022]
264 4 _c©2022
300 _axii, 231p.
_c21 cm.
336 _atext
_btxt
_2rdacontent
337 _aunmediated
_bn
_2rdamedia
338 _avolume
_bnc
_2rdacarrier
365 _b29.95
_cUSD
490 1 _aCarl G. Hempel lecture series
504 _aIncludes bibliographical reference (pages 203-219) and index.
505 0 0 _gIntroduction:
_tReform or abolition? --
_tArmy of the wronged : political prisoners and Black radicalism --
_tThe uses and abuses of incarceration : punishment, dehumanization, and slavery --
_tA broken system? : racism and functional critique --
_tThe prison industrial complex : profit, privatization, and the circumstances of injustice --
_tResponding to crime : incarceration and its alternatives --
_tDreaming big : utopian imagination and structural transformation.
520 _a"An incisive and sympathetic examination of the case for ending the practice of imprisonment. Despite its omnipresence and long history, imprisonment is a deeply troubling practice. In the United States and elsewhere, prison conditions are inhumane, prisoners are treated without dignity, and sentences are extremely harsh. Mass incarceration and its devastating impact on black communities have been widely condemned as neoslavery or "the new Jim Crow." Can the practice of imprisonment be reformed, or does justice require it to be ended altogether? In The Idea of Prison Abolition, Tommie Shelby examines the abolitionist case against prisons and its formidable challenge to would-be prison reformers. Philosophers have long theorized punishment and its justifications, but they haven't paid enough attention to incarceration or its related problems in societies structured by racial and economic injustice. Taking up this urgent topic, Shelby argues that prisons, once reformed and under the right circumstances, can be legitimate and effective tools of crime control. Yet he draws on insights from black radicals and leading prison abolitionists, especially Angela Davis, to argue that we should dramatically decrease imprisonment and think beyond bars when responding to the problem of crime. While a world without prisons might be utopian, The Idea of Prison Abolition makes the case that we can make meaningful progress toward this ideal by abolishing the structural injustices that too often lead to crime and its harmful consequences."
_c--book jacket.
648 7 _a2000-2099
_2fast
_9753098
650 0 _aImprisonment
_zUnited States.
_9753099
650 0 _aImprisonment
_xSocial aspects
_zUnited States.
_9753100
650 0 _aPrison abolition movements.
_9753101
650 0 _aAlternatives to imprisonment.
_9753102
650 7 _aPHILOSOPHY / Ethics & Moral Philosophy.
_2bisacsh
_9753103
650 7 _aAlternatives to imprisonment.
_2fast
_0(OCoLC)fst00806191
_9753102
650 7 _aImprisonment.
_2fast
_0(OCoLC)fst00968277
_9753104
650 7 _aImprisonment
_xSocial aspects.
_2fast
_0(OCoLC)fst00968294
_9753105
650 7 _aSocial conditions.
_2fast
_0(OCoLC)fst01919811
651 0 _aUnited States
_xSocial conditions
_y21st century.
_9753106
651 7 _aUnited States.
_2fast
_0(OCoLC)fst01204155
655 7 _aInformational works.
_2lcgft
_9753107
776 0 8 _iOnline version:
_aShelby, Tommie, 1967-
_tIdea of prison abolition.
_dPrinceton : Princeton University Press, [2022]
_z9780691229775
_w(OCoLC)1336989770
830 0 _aCarl G. Hempel lecture series.
_9753108
906 _a7
_bcbc
_ccopycat
_d2
_encip
_f20
_gy-gencatlg
942 _2CC
_cTB
_hY:4:62 R2
_n0
999 _c1309430
_d1309430